00445nam a22001692 4500001001100000005001700011008004100028020001700069040001500086050002300101100003400124245002200158250001200180260003400192300001500226650003400241000000470020151217151938.0070528s xx 000 0 eng d a0023094303 : aKABUcKABU 0aQK711.2b.B53 19791 aBidwell, R. G. S.@000015540910aPlant physiology. a2nd ed. aNew York :bMacmillan,c1979. axx, 726 p. 0aPlant physiology.@0000155410